Hustopeče 2013 : Sborník 51. celostátní konference OK. Hustopeče,ČR,5.12.2013

Gespeichert in:
Bibliographische Detailangaben
Format: Buch
Veröffentlicht: Česká společnost pro ocelové konstrukce, 2013
Ausgabe:1.vyd.
Tags: Tag hinzufügen
Keine Tags, Fügen Sie das erste Tag hinzu!

MARC

LEADER 00000nam a22000003a 4500
001 stu279820
005 20150408183153.8
008 131210s--------xr----------------------d
020 |a 978-80-02-02413-2 
040 |a STU  |b slo 
041 0
044 |a xr 
245 |a Hustopeče 2013 :  |b Sborník 51. celostátní konference OK. Hustopeče,ČR,5.12.2013 
250 |a 1.vyd. 
260 |b Česká společnost pro ocelové konstrukce,  |c 2013 
300 |a 91 s 
996 |c V*1957/sc-13  |l VV9  |s P  |a 0  |w stu279820_0001 
996 |c V*1956/sc-13  |l VV9  |s P  |a 0  |w stu279820_0002